Vedecké state Obchodnej fakulty 2011 [zborník]

Enregistré dans:
Détails bibliographiques
Collectivité auteur: Ekonomická univerzita v Bratislave. Obchodná fakulta
Autres auteurs: Drábik, Peter, 1981-, Červenka, Peter, 1976-, Jansová, Petra, Pajtinková - Bartáková, Gabriela, Koudelka, Jan
Format: Livre
Langue:slovaque
Publié: Bratislava Vydavateľstvo EKONÓM 2011
Sujets:
Tags: Ajouter un tag
Pas de tags, Soyez le premier à ajouter un tag!

MARC

LEADER 00000nlm$a2200000$$$4500
001 0145603
005 20240503121345.9
020 |a 978-80-225-3326-3 
041 0 |a slo 
044 |a SK 
245 1 0 |a Vedecké state Obchodnej fakulty 2011  |b [zborník]  |c zostavili: Peter Drábik, Peter Červenka, Petra Jansová 
264 1 |a Bratislava  |b Vydavateľstvo EKONÓM  |c 2011 
300 |a CD-ROM [1180 s.] 
610 2 0 |a ekonómia 
610 2 0 |a marketing 
610 2 0 |a služby 
610 2 0 |a ruch cestovný 
610 2 0 |a tovaroznalectvo 
610 2 0 |a informatika 
610 2 0 |a obchod medzinárodný 
610 2 0 |a právo obchodné 
700 1 |a Drábik, Peter, 1981- 
700 1 |a Červenka, Peter, 1976- 
700 1 |a Jansová, Petra 
700 1 |a Pajtinková - Bartáková, Gabriela 
700 1 |a Koudelka, Jan 
710 2 |a Ekonomická univerzita v Bratislave. Obchodná fakulta